|
|
|
|
| LEADER |
00871cam a2200241 a 4500 |
| 001 |
0000028809 |
| 005 |
20031211090000.0 |
| 040 |
|
|
|a mod
|
| 041 |
|
|
|a eng
|
| 020 |
0 |
0 |
|a 0517382857 and 1853673110
|
| 090 |
0 |
0 |
|a 940.5421
|b LUC
|e 1979
|
| 100 |
1 |
0 |
|a Lucas
|h James
|
| 245 |
1 |
0 |
|a War on the Eastern Front
|b 1941-1945
|c James Lucas
|
| 260 |
0 |
0 |
|a London
|b Jane's Pub. Co.
|c 1979
|
| 300 |
0 |
0 |
|a x, 214p.
|b ill.
|c 22cm
|
| 504 |
0 |
0 |
|a Bibliography: p. 208
|
| 650 |
0 |
0 |
|a World War, 1939-1945
|x Campaigns
|z Soviet Union
|
| 651 |
0 |
0 |
|a Soviet Union
|x History
|x German occupation
|
| 651 |
0 |
0 |
|a Germany. Heer
|x History
|x World War, 1939-1945
|
| 852 |
0 |
0 |
|a 01
|
| 999 |
|
|
|a 0050915
|b KEMENTAH
|d BOOKS
|e Umum
|f Perpustakaan KEMENTAH
|j WEEDING APPROVAL
|q OLD
|
| 999 |
|
|
|a 0060673
|b KEMENTAH
|d BOOKS
|e Umum
|f Perpustakaan KEMENTAH
|j AVAILABLE
|q OLD
|
| 999 |
|
|
|a 0222911
|b PUSARTI
|d BOOKS
|e Umum
|f PUSARTI
|j AVAILABLE
|q GOOD CONDITION
|